Movie Quotes: Increasing Difficulty II Quiz Stats

Quiz Updated Aug 11, 2016

Challenge
Share
Tweet
Embed
Score 0/30 Timer 07:00
2 Plays Today
Word Movies % Correct
EasyThe Godfather
90.9%
EasyJaws
88.9%
EasyDirty Dancing
84.4%
EasyAmerican Pie
83.8%
EasyThe Silence of the Lambs
82.7%
EasyThe Matrix
79.9%
EasyJerry Maguire
76.7%
EasyBack to the Future
71.1%
EasyThe Lord of the Rings: The Fellowship of the Ring
64.7%
EasyDead Poets Society
64%
MediumThe Dark Knight
48.8%
MediumAnchorman: The Legend of Ron Burgundy
42.1%
HardZombieland
40.4%
MediumThe Martian
39.1%
MediumArmageddon
35.3%
Word Movies % Correct
MediumBilly Madison
34.7%
MediumNotting Hill
33.8%
MediumReservoir Dogs
25%
MediumCasino Royale
24.5%
MediumTrainspotting
23.2%
MediumSaw
20.9%
HardPirates of the Caribbean: The Curse of the Black Pearl
17.2%
HardAny Given Sunday
14%
HardDie Hard
11.7%
HardCommando
11.6%
HardWhiplash
10.7%
HardLéon: The Professional
6.7%
HardInterview with the Vampire
6.1%
HardDirty Rotten Scoundrels
5%
HardHeathers
2.7%

You're not logged in!

Compare scores with friends on all Sporcle quizzes.
Join for Free
OR
Log In

You Might Also Like...

Show Comments

Extras

Top Quizzes Today


Score Distribution

Your Account Isn't Verified!

In order to create a playlist on Sporcle, you need to verify the email address you used during registration. Go to your Sporcle Settings to finish the process.

Report this User

Report this user for behavior that violates our Community Guidelines.

Details: